Understanding the GPS :(E-BOOK) (Record no. 213246)
[ view plain ]
| 000 -LEADER | |
|---|---|
| fixed length control field | 00812 a2200217 4500 |
| 003 - CONTROL NUMBER IDENTIFIER | |
| control field | Nust |
| 005 - DATE AND TIME OF LATEST TRANSACTION | |
| control field | 20170207165830.0 |
| 020 ## - INTERNATIONAL STANDARD BOOK NUMBER | |
| International Standard Book Number | 0-9655723-0-7 |
| 035 ## - SYSTEM CONTROL NUMBER | |
| System control number | 001247950 |
| 040 ## - CATALOGING SOURCE | |
| Transcribing agency | Nust |
| 082 04 - DEWEY DECIMAL CLASSIFICATION NUMBER | |
| Classification number | 526.982 |
| 100 1# - MAIN ENTRY--PERSONAL NAME | |
| Personal name | French, Gregory T.. |
| 245 10 - TITLE STATEMENT | |
| Title | Understanding the GPS :(E-BOOK) |
| Remainder of title | an introduction to the Global Positioning System : what it is and how it works / |
| Statement of responsibility, etc. | by Gregory T. French. |
| 260 ## - PUBLICATION, DISTRIBUTION, ETC. | |
| Place of publication, distribution, etc. | Bethesda, MD. : |
| Name of publisher, distributor, etc. | GeoResearch, |
| Date of publication, distribution, etc. | 1996. |
| 300 ## - PHYSICAL DESCRIPTION | |
| Extent | 255 s. : |
| Other physical details | ill. |
| 505 ## - FORMATTED CONTENTS NOTE | |
| Formatted contents note | Part I Introduction and Background. Part II Basic Signal Structure and Error. Part III Data Correction Techniques and High-Resolution Accuracy. Part IV Basic Geodesy, Data Collection Techniques and GPS Applications |
| 650 #7 - SUBJECT ADDED ENTRY--TOPICAL TERM | |
| Topical term or geographic name entry element | Geodesi |
| 650 #7 - SUBJECT ADDED ENTRY--TOPICAL TERM | |
| Topical term or geographic name entry element | Geodesy |
| 650 #7 - SUBJECT ADDED ENTRY--TOPICAL TERM | |
| Topical term or geographic name entry element | Global Positioning System |
| 650 #7 - SUBJECT ADDED ENTRY--TOPICAL TERM | |
| Topical term or geographic name entry element | GPS |
| 942 ## - ADDED ENTRY ELEMENTS (KOHA) | |
| Source of classification or shelving scheme | |
| Koha item type | Book |
| Withdrawn status | Lost status | Source of classification or shelving scheme | Damaged status | Not for loan | Collection code | Permanent Location | Current Location | Date acquired | Total Checkouts | Full call number | Barcode | Date last seen | Price effective from | Koha item type |
|---|---|---|---|---|---|---|---|---|---|---|---|---|---|---|
| Military College of Signals (MCS) | Military College of Signals (MCS) | 12/12/2016 | 526.982 FRE | MCSEB-3269 | 12/08/2016 | 12/12/2016 | Book |
